The Executive choice : Two career paths to dreams, riches, time, comfort and family

Bibliographic Details
Main Author: Dr.Chan Teng Heng
Other Authors: Liew, Yvonne
Format: Book
Published: Selangor : Times Editions , 2005
Subjects:

MARC

LEADER 00000cam a2200000 7i4500
001 0000016060
005 20080421.0
008 210408
020 |a 9833001319 
090 0 0 |a 650.1   |b CHA 
100 1 |a Dr.Chan Teng Heng 
245 1 0 |a The Executive choice :   |b Two career paths to dreams, riches, time, comfort and family   |c By Dr.Chan Teng Heng & Yvonne Liew 
260 |a Selangor :   |b Times Editions ,   |c 2005 
650 0 |a Success 
650 0 |a Success in business 
650 0 |a Wealth 
700 1 |a Liew, Yvonne 
999 |a 0001018418   |b Book   |c Adult Collection   |e Perbadanan Perpustakaan Awam Johor